Kadra reprezentacji Polski - MŚ 2006 - Statystyki

Ogólne statystyki
  • Ten quiz został rozwiązany 82 razy
  • Średni wynik to 14 z 24
Statystyki odpowiedzi
Nr Zawodnik Poz % Poprawnych
1 Artur Boruc BR
98%
8 Jacek Krzynówek PO
89%
15 Euzebiusz Smolarek NA
85%
6 Jacek Bąk OB
82%
9 Maciej Żurawski NA
80%
# Paweł Janas Trener
77%
22 Łukasz Fabiański BR
74%
18 Mariusz Lewandowski OB
71%
19 Bartosz Bosacki OB
65%
14 Michał Żewłakow OB
65%
23 Paweł Brożek NA
63%
21 Ireneusz Jeleń NA
58%
12 Tomasz Kuszczak BR
57%
11 Grzegorz Rasiak NA
52%
4 Marcin Baszczyński OB
52%
2 Mariusz Jop OB
51%
7 Radosław Sobolewski PO
51%
13 Sebastian Mila PO
51%
5 Kamil Kosowski PO
49%
10 Mirosław Szymkowiak PO
48%
17 Dariusz Dudka PO
42%
16 Arkadiusz Radomski PO
31%
20 Piotr Giza PO
29%
3 Seweryn Gancarczyk OB
17%
Nie znaleziono quizów pasujących do podanych kryteriów
Rozkład punktacji
Procent ludzi z każdym wynikiem
Percentyl według liczby udzielonych odpowiedzi
Twoja historia wyników
Nie rozwiązałeś tego quizu